000 00364 a2200157 4500
001 167267
020 _a
040 _cMagnum
100 _aFerreira, Solange Lima
240 1 0 _aAtivdades recreativas para dias de chuva
_lpor
245 1 0 _aAtivdades recreativas para dias de chuva
362 0 _a1899
440 1 _aSprint
697 _aRECREACAO
942 _cBK
999 _c167267
_d167267